Tecnología básica del automóvil (electricidad) / Celso Salgado Gómez
Descripción Física:
42 f. : il. ; 30 cm
Materias:
Automòbils -- Equip elèctric
MARC
| LEADER | 00000nam a2200000Ia 4500 | ||
|---|---|---|---|
| 001 | 2195 | ||
| 003 | BGR | ||
| 005 | 20260324175210.0 | ||
| 008 | 160829s9999 xx 000 0 cat d | ||
| 080 | |a C-1-44 | ||
| 100 | |a Salgado Gómez, Celso |9 19895 | ||
| 245 | |a Tecnología básica del automóvil (electricidad) / Celso Salgado Gómez | ||
| 260 | |a Barcelona : |b Diputació de Barcelona, Escola d'Arts i Oficis, [1986] | ||
| 300 | |a 42 f. : |b il. ; |c 30 cm | ||
| 650 | |a Automòbils |x Equip elèctric |9 19896 | ||
| 710 | 2 | |a Escola d'Arts i Oficis (Barcelona, Catalunya) |9 55874 | |
| 901 | |a Arxiu | ||
| 942 | |n 1 |2 udc |c MON | ||
| 952 | |0 0 |1 0 |4 0 |6 C144 |7 1 |9 41363 |a Arxiu |b Arxiu |d 2016-12-01 |l 0 |o C-1-44 |p 2195 |r 2016-12-01 00:00:00 |w 2016-12-01 |y ARXIU | ||
| 999 | |c 43170 |d 43170 | ||